Normal view MARC view

Entry Personal Name

Number of records used in: 1

001 - CONTROL NUMBER

  • control field: 7335

003 - CONTROL NUMBER IDENTIFIER

  • control field: OSt

005 - DATE AND TIME OF LATEST TRANSACTION

  • control field: 20211028144053.0

008 - FIXED-LENGTH DATA ELEMENTS

  • fixed length control field: 211028|| aca||aabn | a|a d

040 ## - CATALOGING SOURCE

  • Original cataloging agency: OSt
  • Transcribing agency: OSt

100 ## - HEADING--PERSONAL NAME

  • Personal name: Varghese,Jissin; Suresh, Rajani.
  • Miscellaneous information: 1316062

670 ## - SOURCE DATA FOUND

  • Source citation: Work cat.: (OSt): Varghese,Jissin; Suresh, Rajani. 1316062, Customer perception of Aiswarya silks Kottayam., 2015